Crisis de la razón: nuevos modelos en la relación entre saber y actividades humanas

Furkejuvvon:
Bibliográfalaš dieđut
Váldodahkki: Gargani, aldo
Materiálatiipa: Girji
Giella:Undetermined
Almmustuhtton: México, Distrito Federal Siglo XXI 1983
Fáttát:
Fáddágilkorat: Lasit fáddágilkoriid
Eai fáddágilkorat, Lasit vuosttaš fáddágilkora!

MARC

LEADER 00000nam a2200000Ia 4500
008 170316s9999 xx 000 0 und d
090 |a 100 G-15c 
100 |a Gargani, aldo 
245 |a Crisis de la razón: nuevos modelos en la relación entre saber y actividades humanas 
260 |a México, Distrito Federal 
260 |b Siglo XXI 
260 |c 1983 
300 |a 332 páginas 
650 |a FILOSOFÍA 
999 |c 16263  |d 16263 
040 |a cru BVZT 
942 |c 15 D  |h 100 G-15c  |2 z